Vista normal Vista MARC

Entrada Geographic Name

Número de registros utilizados en: 2

001 - CONTROL NUMBER

  • control field: 11689

003 - CONTROL NUMBER IDENTIFIER

  • control field: OSt

005 - DATE AND TIME OF LATEST TRANSACTION

  • control field: 20201019132959.0

008 - FIXED-LENGTH DATA ELEMENTS

  • fixed length control field: 201019|| aca||aabn | a|a d

040 ## - CATALOGING SOURCE

  • Original cataloging agency: OSt
  • Transcribing agency: OSt

151 ## - HEADING--GEOGRAPHIC NAME

  • Geographic name: Colombia
  • General subdivision: historia
  • Chronological subdivision: Siglo XIX

670 ## - SOURCE DATA FOUND

  • Source citation: Work cat.: (OSt)4417: Restrepo, José Manuel, autor 11101, Documentos Importantes de Colombia / , 1970